Europe Minesweeper Quiz Stats

 Plays Quiz Updated Feb 13, 2019

Support Sporcle.
Go Orange.
Score 0/36 Timer 05:00
18 Plays Today
% Correct
???
74.7%
???
68.2%
???
67.5%
???
64.9%
???
64.6%
???
64.1%
???
63.7%
???
59.3%
???
59%
???
58.6%
???
58.5%
???
53%
???
52.3%
???
50.3%
???
48.7%
???
48.2%
???
47.8%
???
47%
% Correct
???
46.8%
???
45.8%
???
45%
???
43.3%
???
43.1%
???
43%
???
42.9%
???
42%
???
40.1%
???
40%
???
38.1%
???
37.1%
???
36.8%
???
36.6%
???
35.2%
???
34.7%
???
34.5%
???
31.9%

From the Vault

One-Word Books by Author

by MissHoneychurch

These authors know the meaning of "brevity is the soul of wit".
Remove Ads.
Support Sporcle.
Get the best of Sporcle when you Go Orange. This ad-free experience offers more features, more stats, and more fun while also helping to support Sporcle. Thank you for becoming a member.

Show Comments

Extras

Top Quizzes Today


Score Distribution

Your Account Isn't Verified!

In order to create a playlist on Sporcle, you need to verify the email address you used during registration. Go to your Sporcle Settings to finish the process.

Report this User

Report this user for behavior that violates our Community Guidelines.

Details: